Szczegóły MARC21

Informatyka /

003 -Nazwa inst., której nr kontr. jest w polu 001 [,]
    • @
    • Nazwa instytucji, której n kontrolny jest w polu 001
    • NUKAT
005 -DATA I CZAS OSTATNIEJ MODYFIKACJI [,]
    • @
    • pole kontrolne
    • 20241231111617.0
020 -Międzynarod. znormalizowany nr książki - ISBN [ , ]
    • a
    • Numer ISBN
    • 8387249378 Find
040 -Instytucja sporządzająca opis [ , ]
    • a
    • Instytucja, która sporządziła opis (NP)
    • KR U/GK
    • c
    • Instytucja, która sporządziła rekord (NP)
    • KR U/GK
    • d
    • Instytucja, która zmodyfikowała rekord (P)
    • KR U/ES
    • d
    • Instytucja, która zmodyfikowała rekord (P)
    • KR U/BMajs
942 -Rodzaj dokumentu [ , ]
    • c
    • Rodzaj dokumentu
    • Książka
245 -Strefa tytułu i oznaczenia odpowiedzialności [0,0]
    • a
    • Tytuł
    • Informatyka / Find
    • c
    • Pozostałe elementy strefy tytułu i oznaczenia odpowiedzialności (NP)
    • Tomasz Norek [et al.].
260 -Strefa adresu wydawniczego [ , ]
    • a
    • Miejsce wydania (P)
    • Szczecin :
    • b
    • Nazwa wydawcy (P)
    • Polskie Towarzystwo Ekonomiczne. Oddział Wojewódzki,
    • c
    • Data wydania (P)
    • 2003.
300 -Strefa opisu fizycznego [ , ]
    • a
    • Określenie formy książki i/lub objętość (NP)
    • 88 s. ;
    • c
    • Format (NP)
    • 24 cm.
336 -Typ zawartości [ , ]
    • a
    • Termin opisujący typ zawartości
    • Tekst
    • b
    • Kod określający zawartość
    • txt
    • 2
    • Źródło (terminu i kodu)
    • rdacontent
337 -Typ mediów [ , ]
    • a
    • Tryb odtwarzania
    • Bez urządzenia pośredniczącego
    • b
    • Kod typu mediów
    • n
    • 2
    • Źródło (terminu i kodu)
    • rdamedia
338 -Typ/rodzaj nośnika [ , ]
    • a
    • Hasło opisujące typ nośnika
    • Wolumin
    • b
    • Kod typu nośnika
    • nc
    • 2
    • Źródło (terminu i kodu)
    • rdacarrier
080 -Uniwersalna Klasyfikacja Dziesiętna [ , ]
    • 2
    • Identyfikator wydania tablic
    • UDC-P058
    • a
    • Symbol klasyfikacji
    • 004
    • b
    • Dopowiedzenie
    • Informatyka i technika komputerowa.
    • x
    • Poddział wspólny
    • (07)
    • b
    • Dopowiedzenie
    • (Wydawnictwa dydaktyczne. Podręczniki.).
650 -Hasło przedmiotowe [ ,7]
    • a
    • Hasło przedmiotowe
    • Microsoft Excel for Windows (oprogramowanie)
    • v
    • Określnik formalny
    • poradniki.
    • 2
    • Źródło terminu
    • kaba
    • 9
    • KHW
    • 380338
650 -Hasło przedmiotowe [ ,7]
    • a
    • Hasło przedmiotowe
    • Microsoft Internet Explorer (oprogramowanie)
    • v
    • Określnik formalny
    • poradniki.
    • 2
    • Źródło terminu
    • kaba
    • 9
    • KHW
    • 701283
650 -Hasło przedmiotowe [ ,7]
    • a
    • Hasło przedmiotowe
    • Microsoft Outlook Express (oprogramowanie)
    • v
    • Określnik formalny
    • poradniki.
    • 2
    • Źródło terminu
    • kaba
    • 9
    • KHW
    • 701284
650 -Hasło przedmiotowe [ ,7]
    • a
    • Hasło przedmiotowe
    • Microsoft Word for Windows (oprogramowanie)
    • v
    • Określnik formalny
    • poradniki.
    • 2
    • Źródło terminu
    • kaba
    • 9
    • KHW
    • 354207
650 -Hasło przedmiotowe [ ,7]
    • a
    • Hasło przedmiotowe
    • Microsoft Windows 95 (system operacyjny)
    • v
    • Określnik formalny
    • poradniki.
    • 2
    • Źródło terminu
    • kaba
    • 9
    • KHW
    • 701286
650 -Hasło przedmiotowe [ ,7]
    • a
    • Hasło przedmiotowe
    • Microsoft Windows NT Workstation (system operacyjny)
    • v
    • Określnik formalny
    • poradniki.
    • 2
    • Źródło terminu
    • kaba
    • 9
    • KHW
    • 701285
980 -Symbol UKD [ , ]
    • a
    • UKD
    • 004(07)
700 -Hasło dodatkowe - nazwa osobowa [1, ]
    • a
    • Nazwa osobowa (NP)
    • Norek, Tomasz. Find
    • 9
    • KHW
    • 520771
920 -ISBN [ , ]
    • a
    • ISBN
    • 83-87249-37-8 Find
Lokalizacja Data inwentaryzacji Sygnatura Numer inwentarzowy Status udost.
BE2004-07-13 E.69338-2
T2004-04-06T.7800T.7800-2
T2004-04-06 TM.2118-3
T2004-04-06 TM.2119-3
T2004-04-06 TM.2120-3
T2004-04-06 TM.2121-3
T2004-04-06 TM.2122-3
T2004-04-06 TM.2123-3
T2004-04-06 TM.2124-3
T2004-04-06 TM.2125-3
T2004-04-06 TM.2126-3
T2006-01-05 TM.3706-3
T2007-08-27 TM.4795-3